Handbook of literacy and technology: transformations in a Post-Typographic World
Wedi'i Gadw mewn:
| Prif Awduron: | , , |
|---|---|
| Awduron Eraill: | |
| Fformat: | Llyfr |
| Iaith: | Saesneg |
| Cyhoeddwyd: |
Mahwah
Lawrence Erlbaum Associates
1998
|
| Pynciau: | |
| Tagiau: |
Ychwanegu Tag
Dim Tagiau, Byddwch y cyntaf i dagio'r cofnod hwn!
|
MARC
| LEADER | 00000nam a2200000 a 4500 | ||
|---|---|---|---|
| 001 | UCK5471 | ||
| 003 | CL-VaPUC | ||
| 008 | 050805e19980000us |||||||||||||||||eng|d | ||
| 020 | |a 0805826424 | ||
| 082 | 0 | 4 | |a 371.33 |b REI |2 21 |
| 100 | 0 | |a Reinking, David |e author |9 494238 | |
| 700 | |a McKenna, Michael C. |e autor |9 494239 | ||
| 700 | 0 | |a Labbo, Linda D |e author |9 494240 | |
| 700 | 0 | |a Kieffer, Ronald D |e author |9 494241 | |
| 245 | 1 | 0 | |a Handbook of literacy and technology: transformations in a Post-Typographic World |
| 300 | |a 379 p | ||
| 942 | |c BK | ||
| 945 | |d 20050805 00:00:00 |a cmena | ||
| 260 | |a Mahwah |b Lawrence Erlbaum Associates |c 1998 | ||
| 650 | 0 | |a Lectura |9 307634 | |
| 650 | 0 | |a Aplicaciones de computadores |9 260401 | |
| 650 | 0 | |a Métodos de enseñanza |9 270413 | |
| 650 | 0 | |a Innovaciones pedagógicas |9 307471 | |
| 650 | 0 | |a Lengua inglesa |9 318842 | |
| 583 | |a last modification |c 20171120 05:13:54 |k Rodrigo Vera | ||
| 999 | |c 313983 |d 313981 | ||
| 952 | |0 0 |1 0 |4 0 |6 371_330000000000000_REI_1998 |7 0 |8 A |9 385839 |a FDOPOS |b FDOPOS |d 2019-11-22 |i 4151534 |o 371.33 REI 1998 |p 4151534 |r 2025-01-22 |w 2019-11-22 |y BK |k MLA | ||